| 000 | 01210nam a2200241Ia 4500 | ||
|---|---|---|---|
| 003 | Ost | ||
| 005 | 20260507075647.0 | ||
| 008 | 260507s9999||||xx |||||||||||||| ||und|| | ||
| 040 | _cfsecg | ||
| 041 | _aara | ||
| 082 | _a382.0956 | ||
| 100 |
_aعلى، عبد المنعم السيد _eمؤلف |
||
| 245 | 0 |
_aنظام النقد الدولي والتجارة الخارجية للبلاد العربية / _c عبد المنعم السيد على |
|
| 260 |
_aبيروت: _bالمؤسسة الجامعية للدراسات والنشر والتوزيع, _c1986 |
||
| 300 |
_a142 صفحة؛ _bإيضاحات ؛ _c24 سم |
||
| 490 |
_aحلقة العرب والازمة الإقتصادية العالمية _v2 |
||
| 520 | _aالأزمة النقدية الدولية والأزمة الإقتصادية الدولية والبلدان النامية- أثر انهيار نظام بريتون وودز . | ||
| 653 | _aالتجارة الخارجية- البلاد العربية | ||
| 653 | _aالعالم العربي- العلاقات الإقتصادية | ||
| 653 | _aنظام النقد الدولي | ||
| 700 |
_aالحبيب، عبد الرحمن _eمؤلف ثانوي |
||
| 942 | _cكتاب | ||
| 999 |
_c45507 _d45507 |
||